<Eine> Überprüfung theoretischer Erklärungsätze mittels graphentheoretischer Konzepte

Saved in:
Bibliographic Details
Main Author: Morawetz, Inge
Format: Book
Language:German
Published: Wien Institut für höhere Studien 1983
Series:Forschungsbericht Nr. 182
Tags: Add Tag
No Tags, Be the first to tag this record!

MARC

LEADER 00000nam a2200000 4500
001 c136255
005 20181203150506.2
041 0 |a ger 
044 |a AT 
245 1 0 |a <Eine> Überprüfung theoretischer Erklärungsätze mittels graphentheoretischer Konzepte  |c Inge Morawetz 
264 1 |a Wien  |b Institut für höhere Studien  |c 1983 
300 |a 71 s. 
490 1 |a Forschungsbericht  |v Nr. 182 
830 0 |a Forschungsbericht  |v Nr. 182 
100 1 |a Morawetz, Inge